000
00306nam a22001337a 4500
008
170714b xxu||||| |||| 00| 0 eng d
020
_a
076783005990
041
_a
eng
080
_a
038
100
_a
24
101
_a
FJA
245
_a
THE NEW COLLEGE LATIN ENGLISH
_c
TRAUMPAN.J.C
942
_2
udc
_c
BK
999
_c
20967
_d
20967